Hospitality law : (Record no. 357304)
[ view plain ]
| 000 -LEADER | |
|---|---|
| fixed length control field | 00796nam a2200253Ia 4500 |
| 008 - FIXED-LENGTH DATA ELEMENTS--GENERAL INFORMATION | |
| fixed length control field | 180523s9999 xx 000 0 und d |
| 020 ## - INTERNATIONAL STANDARD BOOK NUMBER | |
| International Standard Book Number | 0-471-46425-2 |
| 050 ## - LIBRARY OF CONGRESS CALL NUMBER | |
| Classification number | MAIN KF 2042 |
| 050 ## - LIBRARY OF CONGRESS CALL NUMBER | |
| Item number | .H6B37 2006 |
| 100 ## - MAIN ENTRY--PERSONAL NAME | |
| Personal name | Barth, Stephen. |
| 245 #0 - TITLE STATEMENT | |
| Title | Hospitality law : |
| 245 #0 - TITLE STATEMENT | |
| Remainder of title | managing legal issues in the hospitality industry / |
| 245 #0 - TITLE STATEMENT | |
| Statement of responsibility, etc | Stephen Barth; David K. Hayes, consulting author. |
| 250 ## - EDITION STATEMENT | |
| Edition statement | 2nd Edition |
| 260 ## - PUBLICATION, DISTRIBUTION, ETC. (IMPRINT) | |
| Place of publication, distribution, etc | Australia : |
| 260 ## - PUBLICATION, DISTRIBUTION, ETC. (IMPRINT) | |
| Name of publisher, distributor, etc | John Wiley & Sons, |
| 260 ## - PUBLICATION, DISTRIBUTION, ETC. (IMPRINT) | |
| Date of publication, distribution, etc | 2005 |
| 300 ## - PHYSICAL DESCRIPTION | |
| Extent | 427 pages : |
| 300 ## - PHYSICAL DESCRIPTION | |
| Other physical details | illustrations ; |
| 300 ## - PHYSICAL DESCRIPTION | |
| Dimensions | 29 cm. |
| 500 ## - GENERAL NOTE | |
| General note | Includes bibliographical references and index. |
| 650 ## - SUBJECT ADDED ENTRY--TOPICAL TERM | |
| Topical term or geographic name as entry element | Hotels -- Law and legislation -- Unted States. |
| 650 ## - SUBJECT ADDED ENTRY--TOPICAL TERM | |
| General subdivision | Hospitality industry -- Law and legislation -- United States. |
| Withdrawn status | Lost status | Damaged status | Home library | Current library | Shelving location | Date acquired | Total Checkouts | Full call number | Barcode | Date last seen | Price effective from | Koha item type |
|---|---|---|---|---|---|---|---|---|---|---|---|---|
| South Mansfield College | South Mansfield College | 01/10/2008 | MAIN KF 2042 .H6B37 2006 | SMC04114 | 05/23/2018 | 05/23/2018 |